000 00617nam a2200205Ia 4500
003 GCL
008 140319s9999 xx 000 0 ara d
040 _aGCL /
_cGCL
082 0 4 _a882
_bع ى
100 1 _aعبدالمعطى شعراوى
245 1 0 _aيوريبيديس - 7: هيبوليتوس /
_cعبدالمعطى شعراوى
700 1 _aاحمد عثمان
300 _a118 ص
490 _aمن المسرح العالمى
_v0
650 0 4 _aالادب اليونانى
650 0 4 _aالادب
650 0 4 _aالمسرحيات
650 0 4 _aالمسرحيات اليونانية
942 _2ddc
_cBK
999 _c50405
_d50405